Les bijoux préhelléniques /

محفوظ في:

المؤلف الرئيسي: Sargnon, Odette (مؤلف)

مؤلف مشترك: Institut français d'archéologie du Proche-Orient.

التنسيق: كتاب

اللغة: French

منشور في: Paris : Libr. orientaliste P. Geuthner, 1987.

سلاسل: Bibliotheque archeologique et historique ; 108.
BAH ; 108.

الموضوعات:

الوسوم: إضافة وسم

لا توجد وسوم, كن أول من يضع وسما على هذه التسجيلة!

رقم الطلب: DS93 .F8 v.108

LEADER 01376namaa2200349 4500
001 22600
003 OSt
005 20211128121421.0
008 130303s1987 fr abf g b 001 0 fre d
952 |0 0  |1 0  |2 lcc  |3 V.108  |4 0  |6 DS0093 F8 V.00108  |7 1  |9 23558  |a ARCE  |b ARCE  |d 2021-11-28  |l 0  |o DS93 .F8 v.108  |p 1021431  |r 2021-11-28 00:00:00  |w 2021-11-28  |y BK 
999 |c 28726  |d 28726 
010 |a 90148811  
020 |a 2705303367 
040 |c ARCE Library 
043 |a mm-----  
050 4 |a DS93 .F8 v.108 
100 1 |a Sargnon, Odette,  |e author  |9 39211 
245 1 4 |a Les bijoux préhelléniques /  |c Odette Sargnon.  
264 1 |a Paris :   |b Libr. orientaliste P. Geuthner,   |c 1987. 
300 |a viii, 386 pages, xvi page of plates :   |b illustrations (some color), maps ;   |c 29 cm. 
490 1 |a Bibliotheque archeologique et historique ;   |v 108. 
490 1 |a BAH ;   |v 108. 
500 |a At head of title : Institut français d'archéologie du Proche Orient.  
500 |a Tables on 2 folded leaves in pocket.  
504 |a Includes bibliographical references (pages [225]-286) and index.  
650 0 |a Jewelry, Ancient  |z Mediterranean Region. 
650 0 |a Jewelry  |z Mediterranean Region. 
710 2 |a Institut français d'archéologie du Proche-Orient. 
830 0 |a Bibliotheque archeologique et historique ;   |v 108. 
830 0 |a BAH ;   |v 108. 
901 |a reviewed 
942 |c BK  |2 lcc